000 00303nam a22001337a 4500
008 180906b xxu||||| |||| 00| 0 eng d
020 _a0534012647
041 _aeng
080 _a616.073
100 _a4
101 _aSHM
245 _aIntroduction To Human Disease
_cCrowley,l,v
942 _2udc
_cBK
999 _c47594
_d47594